Pensées de Blaise Pascal / (Record no. 161471)
[ view plain ]
| 000 -LEADER | |
|---|---|
| campo de control de longitud fija | 01047nam a22002655i 4500 |
| 001 - NÚMERO DE CONTROL | |
| campo de control | 161471 |
| 003 - IDENTIFICADOR DE NÚMERO DE CONTROL | |
| campo de control | ES-MaACL |
| 005 - FECHA Y HORA DE LA ÚLTIMA TRANSACCIÓN | |
| campo de control | 20250716074517.0 |
| 008 - DATOS DE LONGITUD FIJA--INFORMACIÓN GENERAL | |
| campo de control de longitud fija | 041019s1875 fr |||| | fre d |
| 040 ## - FUENTE DE CATALOGACIÓN | |
| Centro catalogador/agencia de origen | CAM |
| Lengua de catalogación | spa |
| Centro/agencia transcriptor | CAM |
| 080 ## - NÚMERO DE LA CLASIFICACIÓN DECIMAL UNIVERSAL | |
| Número de la Clasificación Decimal Universal | 239 |
| 080 ## - NÚMERO DE LA CLASIFICACIÓN DECIMAL UNIVERSAL | |
| Número de la Clasificación Decimal Universal | 840-97"16" |
| 100 1# - ENTRADA PRINCIPAL--NOMBRE DE PERSONA | |
| Nombre de persona | Pascal, Blaise, |
| Fechas asociadas al nombre | 1623-1662 |
| Término indicativo de función/relación | Autor |
| 9 (RLIN) | 89307 |
| 245 10 - MENCIÓN DEL TÍTULO | |
| Título | Pensées de Blaise Pascal / |
| Mención de responsabilidad, etc. | avec les notes de Voltaire. |
| 260 ## - PUBLICACIÓN, DISTRIBUCIÓN, ETC. | |
| Lugar de publicación, distribución, etc. | Paris : |
| Nombre del editor, distribuidor, etc. | Librairie de la Bibliothèque Nationale, |
| Fecha de publicación, distribución, etc. | 1875 |
| Fabricante | (Typ. de Rouge, Dunon et Fresné) |
| 300 ## - DESCRIPCIÓN FÍSICA | |
| Extensión | 191 páginas ; |
| Dimensiones | 14 cm. |
| 490 1# - MENCIÓN DE SERIE | |
| Mención de serie | Bibliothèque Nationale: collection des meilleurs auteurs anciens et modernes |
| 650 #4 - PUNTO DE ACCESO ADICIONAL DE MATERIA--TÉRMINO DE MATERIA | |
| 9 (RLIN) | 9921 |
| Término de materia o nombre geográfico como elemento de entrada | Apologética |
| 700 0# - ENTRADA AGREGADA--NOMBRE PERSONAL | |
| Nombre de persona | Voltaire, |
| Fechas asociadas al nombre | 1694-1778 |
| Término indicativo de función/relación | Colaborador |
| 9 (RLIN) | 115721 |
| 830 00 - PUNTO DE ACCESO ADICIONAL DE SERIE-TÍTULO UNIFORME | |
| Título uniforme | Bibliothèque Nationale: collection des meilleurs auteurs anciens et modernes |
| 9 (RLIN) | 221365 |
| 852 ## - LOCALIZACIÓN | |
| Ubicación | ES-MaACL |
| Ubicación en estantería | Depósito 2 |
| Partes que faltan | Ejemplar falto de cub. original |
| Donativo/Legado | Donativo Roda |
| Número de control de estantería | L-4896(3-3) |
| Encuadernación | Enc. en un vol. facticio |
| 942 ## - ELEMENTOS DE ENTRADA SECUNDARIOS (KOHA) | |
| Fuente del sistema de clasificación o colocación | Clasificación decimal universal |
| Tipo de ítem Koha | Libro impreso antiguo |
| Suprimir en OPAC | No |
| Estatus retirado | Estado de pérdida | Fuente del sistema de clasificación o colocación | Estado de daño | No para préstamo | Colección | Biblioteca de origen | Biblioteca actual | Ubicación en estantería | Fecha de adquisición | Fuente de adquisición | Total de préstamos | Signatura topográfica completa | Código de barras | Visto por última vez | Tipo de ítem Koha |
|---|---|---|---|---|---|---|---|---|---|---|---|---|---|---|---|
| Clasificación decimal universal | Libros del s. XIX | Biblioteca del Ateneo de Madrid | Biblioteca del Ateneo de Madrid | Depósito 2 | 17/01/2008 | Donación | L-4896(3-3) | 1169135 | 23/02/2023 | Libro impreso antiguo |
